Learning Resource and Development

Practice makes perfect : (Record no. 29827)

MARC details
000 -LEADER
fixed length control field 02020nam a2200289 i 4500
003 - CONTROL NUMBER IDENTIFIER
control field CSPC
005 - DATE AND TIME OF LATEST TRANSACTION
control field 20250722104006.0
008 - FIXED-LENGTH DATA ELEMENTS--GENERAL INFORMATION
fixed length control field 250721s2020 nyu 000 0 eng d
020 ## - INTERNATIONAL STANDARD BOOK NUMBER
International Standard Book Number 9781260463156
040 ## - CATALOGING SOURCE
Transcribing agency CSPC
Original cataloging agency CSPC
Language of cataloging eng
Description conventions rda
050 00 - LIBRARY OF CONGRESS CALL NUMBER
Classification number PC4112
Item number .N57 2020
082 00 - DEWEY DECIMAL CLASSIFICATION NUMBER
Classification number 468.2421
Item number N636p
100 1# - MAIN ENTRY--PERSONAL NAME
Personal name Nissenberg, Gilda,
Relator term author.
245 10 - TITLE STATEMENT
Title Practice makes perfect :
Remainder of title complete Spanish grammar /
Statement of responsibility, etc. Gilda Nissenberg.
250 ## - EDITION STATEMENT
Edition statement Premium fourth edition.
264 #1 - PRODUCTION, PUBLICATION, DISTRIBUTION, MANUFACTURE, AND COPYRIGHT NOTICE
Place of production, publication, distribution, manufacture New York :
Name of producer, publisher, distributor, manufacturer McGraw Hill,
Date of production, publication, distribution, manufacture, or copyright notice 2020.
300 ## - PHYSICAL DESCRIPTION
Extent xiii, 400 pages ;
Dimensions 28 cm.
336 ## - CONTENT TYPE
Source rdacontent
Content type term text
337 ## - MEDIA TYPE
Source rdamedia
Media type term unmediated
338 ## - CARRIER TYPE
Source rdacarrier
Carrier type term volume
490 0# - SERIES STATEMENT
Series statement Practice makes perfect
505 0# - FORMATTED CONTENTS NOTE
Formatted contents note The present tense of regular verbs, irregular verbs, and verbs with spelling changes -- The present tense of verbs with stem changes -- Ser and estar -- The preterit tense -- The imperfect tense -- More about the preterit and the imperfect -- The future and the conditional -- Reflexive verbs and reflexive constructions -- The progressive tenses -- Compound tenses: the present perfect and the past perfect -- Compound tenses: the future perfect and the conditional perfect -- The passive voice and passive constructions -- The subjunctive mood: the present and the present perfect subjunctive tenses in noun clauses -- More uses of the subjunctive: adverb and relative clauses -- The subjunctive mood past tenses: the perfect and the pluperfect subjunctive -- The commands -- Nouns and articles -- Adjectives -- Personal pronouns -- Relative pronouns -- Possessive and demonstrative adjectives and pronouns -- Adverbs -- Prepositions -- Indefinite and negatove words and expressions -- Interrogative and exclamatory words -- Numbers.
650 #0 - SUBJECT ADDED ENTRY--TOPICAL TERM
Topical term or geographic name entry element Spanish language
Form subdivision Grammar.
650 #0 - SUBJECT ADDED ENTRY--TOPICAL TERM
Topical term or geographic name entry element Spanish language
Form subdivision Textbooks for foreign speakers
General subdivision English.
942 ## - ADDED ENTRY ELEMENTS (KOHA)
Source of classification or shelving scheme Dewey Decimal Classification
Suppress in OPAC No
Koha item type Books
Classification part 468.2421
Item part N636p
Call number prefix CIR
Call number suffix 2020
Holdings
Withdrawn status Lost status Source of classification or shelving scheme Damaged status Not for loan Home library Current library Shelving location Date acquired Total Checkouts Full call number Barcode Date last seen Copy number Price effective from Koha item type
    Dewey Decimal Classification     Main Library Main Library Circulation Section 07/21/2025   CIR 468.2421 N636p 2020 029697 07/21/2025 1-1 07/21/2025 Books